Caricamento...

Lifestyle and cancer with focus on cancer prevention /

Dettagli Bibliografici
Ente Autore: Ranbaxy Science Foundation
Altri autori: Lalit Kumar (Redattore), Rajinder K. Jalali (Redattore)
Natura: Printed Book
Lingua:English
Pubblicazione: Haryana: Ranbaxy Science Foundation, 2013.
Serie:Round table conference series 30
Soggetti:
LEADER 00760nam a2200205 4500
008 151012b xxu||||| |||| 00| 0 eng d
999 |c 107033  |d 107033 
082 |a 616.994052 
110 |a Ranbaxy Science Foundation. 
245 |a Lifestyle and cancer with focus on cancer prevention /  |c Ranbaxy Science Foundation. 
260 |a Haryana:  |b Ranbaxy Science Foundation,  |c 2013. 
300 |a 149p.  |c 24 cm. 
490 |a Round table conference series  |v 30 
650 |a Cancer--Prevention 
650 |a Cancer--Research 
650 |a Cancer--Diet therapy 
700 |a Lalit Kumar  |e editor 
700 |a Rajinder K. Jalali  |e editor 
942 |2 ddc  |c REF 
952 |0 0  |1 0  |4 0  |6 616_994052000000000_LIF  |7 0  |9 111499  |a UL  |b UL  |c REF  |d 2015-10-12  |l 0  |o 616.994052 LIF  |p G10427  |r 2015-10-12  |y REF